[Event "S01"]
[Site "SchemingMind.com"]
[Date "2011.06.01"]
[Round "-"]
[White "docjan"]
[Black "otsenrechess"]
[Result "1/2-1/2"]
[WhiteCountry "SWE"]
[BlackCountry "HUN"]
[WhiteElo "2224"]
[WhiteRD "64"]
[BlackElo "2309"]
[BlackRD "76"]
[GameID "285526"]

1. e4 e6 2. d4 d5 3. Nd2 c5 4. Ngf3 cxd4 5. exd5 Qxd5 6. Bc4 Qd6 7. Qe2 Nf6 8. O-O Nc6 9. Rd1 Be7 10. Bb5 O-O
11. Nb3 Rd8 12. Nbxd4 Qc7 13. Bg5 Nxd4 14. Rxd4 Rxd4 15. Nxd4 Bd7 16. Bd3 h6 17. Bh4 Qf4 18. Nf3 Bc6 19. Bg3 Qg4 20. Ne5 Qxe2
21. Bxe2 Be4=
1/2-1/2

[Event "S01"]
[Site "SchemingMind.com"]
[Date "2011.06.01"]
[Round "-"]
[White "docjan"]
[Black "michel"]
[Result "1-0"]
[WhiteCountry "SWE"]
[BlackCountry "CAN"]
[WhiteElo "2184"]
[WhiteRD "71"]
[BlackElo "2019"]
[BlackRD "61"]
[GameID "285527"]

1. d4 Nf6 2. c4 c5 3. d5 b5 4. cxb5 a6 5. b6 Bb7 6. Nc3 e6 7. e4 exd5 8. exd5 d6 9. a4 a5 10. Bb5+ Nbd7
11. Nge2 Be7 12. O-O O-O 13. Re1 Nxb6 14. Nf4 Rc8 15. Qe2 Rc7 16. Bd2 Bc8 17. Bc6 Ra7 18. Nb5 Ba6 19. Bxa5
1-0

[Event "S01"]
[Site "SchemingMind.com"]
[Date "2011.06.02"]
[Round "-"]
[White "Aumonde"]
[Black "docjan"]
[Result "0-1"]
[WhiteCountry "USA"]
[BlackCountry "SWE"]
[WhiteElo "1977"]
[WhiteRD "70"]
[BlackElo "2270"]
[BlackRD "57"]
[GameID "285528"]

1. d4 d5 2. Nf3 Nf6 3. c4 e6 4. Nc3 Be7 5. Bg5 O-O 6. e3 Nbd7 7. Rc1 h6 8. Bh4 b6 9. cxd5 exd5 10. Bd3 Bb7
11. O-O c5 12. Qc2 Ne8 13. Bg3 c4 14. Bf5 Ndf6 15. b3 a6 16. bxc4 dxc4 17. e4 Nh5 18. Be5 b5 19. d5 g6 20. Bg4 Nef6
21. Bxh5 Nxh5 22. Rcd1 Bc5 23. Qc1 Kh7 24. Bd4 Bd6 25. Be3 Re8 26. Bxh6 b4
0-1

[Event "S01"]
[Site "SchemingMind.com"]
[Date "2011.06.01"]
[Round "-"]
[White "mi_di"]
[Black "docjan"]
[Result "1/2-1/2"]
[WhiteCountry "MEX"]
[BlackCountry "SWE"]
[WhiteElo "2303"]
[WhiteRD "74"]
[BlackElo "2184"]
[BlackRD "71"]
[GameID "285529"]

1. e4 c5 2. Nc3 Nc6 3. g3 d6 4. Bg2 Nf6 5. Nge2 e5 6. d3 Be7 7. O-O O-O 8. f4 Nd4 9. f5 h6 10. Nb1 b5
11. a4 b4 12. Nxd4 cxd4 13. Nd2 a5 14. Nc4 Ba6 15. b3 Rc8 16. Qf3 Bxc4 17. dxc4 Nd7 18. h4 Bf6 19. Qg4 Kh8 20. Bd2 Nc5
21. Qh5 Kh7 22. Rae1 Qe7 23. Qg4=
1/2-1/2

[Event "S01"]
[Site "SchemingMind.com"]
[Date "2011.06.01"]
[Round "-"]
[White "GBEDARD"]
[Black "docjan"]
[Result "1/2-1/2"]
[WhiteCountry "USA"]
[BlackCountry "SWE"]
[WhiteElo "2205"]
[WhiteRD "83"]
[BlackElo "2224"]
[BlackRD "64"]
[GameID "285530"]

1. e4 e5 2. Nf3 Nc6 3. Bb5 a6 4. Ba4 Nf6 5. O-O Be7 6. Re1 b5 7. Bb3 O-O 8. c3 d6 9. h3 Na5 10. Bc2 c5
11. d4 Qc7 12. Nbd2 Bd7 13. Nf1 Rfe8 14. Ne3 cxd4 15. cxd4 Rac8 16. b3 Nc6 17. Bb2 Qb7 18. Qd2 Bd8 19. d5 Ne7 20. Ba3 Qb8
21. Bb4 Bb6 22. Nh4 Bc5 23. Rac1 h6 24. Bd3 Bxb4 25. Qxb4 Qb6 26. a3 Nh5 27. Nc4 Qb8 28. Ne3 Nf4 29. Bf1 Rc7 30. a4 Rb7
31. a5 Rc7 32. Kh2 Rxc1 33. Rxc1 Nh5 34. g3 Rc8 35. Rxc8+ Bxc8 36. Nc4 Qa7 37. Nb6 Qc7 38. Nxc8 Nxc8 39. Bd3 Ne7 40. Qd2 Nf6
41. b4 Qc8 42. Ng2 Nh7 43. Qc2 Qd7 44. Be2 Nf6 45. Ne3 g6 46. Bd3 Kg7 47. Kg2 Qb7=
1/2-1/2

[Event "S01"]
[Site "SchemingMind.com"]
[Date "2011.06.02"]
[Round "-"]
[White "krtsip"]
[Black "docjan"]
[Result "0-1"]
[WhiteCountry "POL"]
[BlackCountry "SWE"]
[WhiteElo "1895"]
[WhiteRD "75"]
[BlackElo "2184"]
[BlackRD "71"]
[GameID "285531"]

1. Nf3 d5 2. c4 e6 3. g3 Nf6 4. Bg2 d4 5. d3 c5 6. O-O Nc6 7. e3 Bd6 8. exd4 cxd4 9. Na3 a6 10. Nc2 e5
11. b4 O-O 12. Re1 Re8 13. c5 Bc7 14. Bg5 Bg4 15. h3 Bd7 16. Nd2 h6 17. Bxf6 Qxf6 18. a4 Qg6 19. Nc4 Bf5
0-1

[Event "S01"]
[Site "SchemingMind.com"]
[Date "2011.06.06"]
[Round "-"]
[White "Yellow"]
[Black "docjan"]
[Result "1-0"]
[WhiteCountry "INT"]
[BlackCountry "SWE"]
[WhiteElo "2354"]
[WhiteRD "63"]
[BlackElo "2302"]
[BlackRD "56"]
[GameID "285532"]

1. Nf3 d5 2. d4 Nf6 3. c4 e6 4. Nc3 Be7 5. Bg5 O-O 6. e3 Nbd7 7. Rc1 h6 8. Bh4 b6 9. cxd5 exd5 10. Bb5 Bb7
11. O-O a6 12. Ba4 Rc8 13. Re1 c5 14. Bxd7 Qxd7 15. Qb3 b5 16. dxc5 Rxc5 17. Rcd1 Qc8 18. a3 Bd8 19. Rf1 Re8 20. Ne2 Qe6
21. Ned4 Qd7 22. Qd3 Ne4 23. Bxd8 Qxd8 24. Rc1 Qc7 25. Rxc5 Qxc5 26. Rd1 Qd6 27. Rc1 Rc8 28. Rxc8+ Bxc8 29. Qc2 Bd7 30. b4 a5
31. Qb2 axb4 32. axb4 Qc7 33. h3 f6 34. Ne2 Qc4 35. Nfd4 Nd6 36. Qa3 Be8 37. Nf4 Bf7 38. Qa8+ Ne8 39. Qa5 Nd6 40. Kh2 h5
41. Nfe6 Ne8 42. Nd8 Qc7+ 43. g3 h4 44. Nxf7 Kxf7 45. Qxb5 hxg3+ 46. Kg2 gxf2 47. Qxd5+ Ke7 48. b5 Qc1 49. Nf5+ Kf8 50. Kxf2 g6
51. Nd6 Nxd6 52. Qxd6+ Kg7 53. b6 Qc2+ 54. Kf3 Qf5+ 55. Kg3 Qg5+ 56. Kf2 Qf5+ 57. Ke1 Qxh3 58. Qe7+ Kg8 59. Qe4 Kg7 60. b7 Qg3+
61. Kd2 Qh2+ 62. Kd3 Qc7 63. Qb4 Qd8+ 64. Ke2 Qb8 65. Qe7+ Kh6 66. Kf3 Kh5 67. Qc5+ Kh6 68. Qc8
1-0

[Event "S01"]
[Site "SchemingMind.com"]
[Date "2011.06.03"]
[Round "-"]
[White "BlackRussian"]
[Black "docjan"]
[Result "0-1"]
[WhiteCountry "GBR"]
[BlackCountry "SWE"]
[WhiteElo "2191"]
[WhiteRD "57"]
[BlackElo "2270"]
[BlackRD "57"]
[GameID "285533"]

1. e4 e5 2. Nf3 Nc6 3. Bb5 a6 4. Ba4 Nf6 5. O-O Be7 6. Nc3 b5 7. Bb3 O-O 8. d3 Bb7 9. Be3 d6 10. a3 Na5
11. Ba2 c5 12. Nd5 Nxd5 13. Bxd5 Bxd5 14. exd5 f5 15. Qe1 Bf6 16. h4 h6 17. Rb1 Nb7 18. a4 Bxh4 19. axb5 axb5 20. b4 f4
21. Bd2 Bf6 22. bxc5 Nxc5 23. Rxb5 Re8 24. Qb1 Qc8 25. Rb6 e4 26. dxe4 Nxe4 27. Qb4 g5 28. Nd4 Qc5 29. Qxc5 dxc5 30. Nf3 Kf7
31. Be1 Ra2 32. Nd2 Rxc2 33. Rb7+ Kg6 34. Nxe4 Rxe4 35. d6 Rd4 36. d7 Rd5 37. Rc7 c4 38. Bb4 g4 39. Ba3 Kf5 40. g3 h5
41. gxf4 h4 42. Bf8 g3
0-1

[Event "S01"]
[Site "SchemingMind.com"]
[Date "2011.06.01"]
[Round "-"]
[White "otsenrechess"]
[Black "docjan"]
[Result "1/2-1/2"]
[WhiteCountry "HUN"]
[BlackCountry "SWE"]
[WhiteElo "2318"]
[WhiteRD "63"]
[BlackElo "2270"]
[BlackRD "57"]
[GameID "285534"]

1. e4 e5 2. Nf3 Nc6 3. Bb5 a6 4. Ba4 Nf6 5. O-O Be7 6. Re1 b5 7. Bb3 O-O 8. c3 d6 9. h3 Bb7 10. d4 Re8
11. Ng5 Rf8 12. Nf3 h6 13. Nbd2 Na5 14. dxe5 Nxb3 15. Qxb3 dxe5 16. Nxe5 Bc5 17. Qc2 Re8 18. Nef3 Ba7 19. a4 Re6 20. Nd4 Bxd4
21. cxd4 Qxd4 22. Qxc7 Nxe4 23. Nxe4 Bxe4 24. axb5 Qb4 25. Qa5 Qxb5 26. Qxb5 axb5 27. Rxa8+ Bxa8 28. Rxe6=
1/2-1/2

[Event "S01"]
[Site "SchemingMind.com"]
[Date "2011.06.01"]
[Round "-"]
[White "michel"]
[Black "docjan"]
[Result "0-1"]
[WhiteCountry "CAN"]
[BlackCountry "SWE"]
[WhiteElo "2019"]
[WhiteRD "61"]
[BlackElo "2184"]
[BlackRD "71"]
[GameID "285535"]

1. Nf3 d5 2. c4 e6 3. g3 Nf6 4. Bg2 Be7 5. O-O d4 6. d3 c5 7. b4 cxb4 8. a3 O-O 9. Bb2 Nc6 10. axb4 Bxb4
11. Qb3 a5 12. Na3 e5 13. Nc2 Bc5 14. e3 dxe3 15. fxe3 a4 16. Qc3 Re8 17. d4 exd4 18. exd4 Ne4 19. Qd3 Bg4 20. Kh1 f5
21. Rad1 Qb6 22. Ba3 Bxa3 23. Nxa3 Qb2 24. Kg1 Nb4
0-1

[Event "S01"]
[Site "SchemingMind.com"]
[Date "2011.06.14"]
[Round "-"]
[White "barnat"]
[Black "Aumonde"]
[Result "1-0"]
[WhiteCountry "HUN"]
[BlackCountry "USA"]
[WhiteElo "2319"]
[WhiteRD "73"]
[BlackElo "1977"]
[BlackRD "70"]
[GameID "286502"]

1. e4 e5 2. Nf3 Nc6 3. d4 exd4 4. Nxd4 Nf6 5. Nxc6 bxc6 6. e5 Qe7 7. Qe2 Nd5 8. c4 Ba6 9. b3 O-O-O 10. g3 f6
11. Bb2
1-0

[Event "S01"]
[Site "SchemingMind.com"]
[Date "2011.06.13"]
[Round "-"]
[White "barnat"]
[Black "michel"]
[Result "1/2-1/2"]
[WhiteCountry "HUN"]
[BlackCountry "CAN"]
[WhiteElo "2319"]
[WhiteRD "73"]
[BlackElo "2009"]
[BlackRD "64"]
[GameID "286509"]

1. e4 e5 2. Nf3 Nc6 3. d4 exd4 4. Nxd4 Bc5 5. Be3 Qf6 6. c3 Nge7 7. Bc4 b6 8. O-O Bb7 9. Nb3 Ne5 10. Nxc5 bxc5
11. Bd5 Nxd5 12. exd5 Ba6 13. Re1 O-O 14. Bxc5 Nd3 15. Bd4 Qf5 16. Re7 Rae8 17. Rxe8 Rxe8 18. Nd2 Re1+ 19. Qxe1 Nxe1 20. Rxe1 h6
21. d6 cxd6 22. b4 Bb7 23. f3 Qc2=
1/2-1/2

[Event "S01"]
[Site "SchemingMind.com"]
[Date "2011.06.14"]
[Round "-"]
[White "Aumonde"]
[Black "barnat"]
[Result "0-1"]
[WhiteCountry "USA"]
[BlackCountry "HUN"]
[WhiteElo "1977"]
[WhiteRD "70"]
[BlackElo "2319"]
[BlackRD "73"]
[GameID "286511"]

1. d4 Nf6 2. c4 g6 3. Nc3 Bg7 4. Nf3 O-O 5. e4 d6 6. Be2 e5 7. Be3 Ng4 8. Bg5 f6 9. Bh4 g5 10. Bg3 Nh6
11. dxe5 dxe5
0-1

[Event "S01"]
[Site "SchemingMind.com"]
[Date "2011.06.13"]
[Round "-"]
[White "mi_di"]
[Black "barnat"]
[Result "1-0"]
[WhiteCountry "MEX"]
[BlackCountry "HUN"]
[WhiteElo "2311"]
[WhiteRD "83"]
[BlackElo "2319"]
[BlackRD "71"]
[GameID "286512"]

1. e4 c5 2. Nc3 Nc6 3. g3 g6 4. Bg2 Bg7 5. d3 d6 6. Be3 Rb8 7. Qd2 b5 8. f4 b4 9. Nd1 e6 10. Nf3 Nge7
11. O-O O-O 12. a3 b3 13. c3 Ba6 14. Nf2 Qb6 15. Rfe1 Rbc8 16. e5 Nf5 17. exd6 Ncd4 18. Bxd4 cxd4 19. c4 Qxd6 20. Qb4 Qc7
21. Qxb3 Ne3 22. Qa4 Bb7 23. b4 Qb8 24. c5 Bc6 25. Qa6 Bb5 26. Qa5 Nc2 27. Rac1 Nxe1 28. Nxe1 Rfd8 29. a4 Bc6 30. b5 Bd5
31. Ne4 Bxe4 32. Bxe4 Bf8 33. c6 Bd6 34. Bg2 Bc7 35. Qb4 Qb6 36. Nf3 Bd6 37. Qb2 Qa5 38. Rc4 Bf8 39. Kf1 Bg7 40. Ne5 Qb6
41. Qb4 Qc7 42. Qc5 Bf8 43. b6 axb6 44. Qb5 Ra8 45. Qb1 Bc5 46. Kf2 Ra5 47. Nd7 Rda8 48. Qd1 h5 49. Be4 Qd6 50. Qc2 h4
51. Qd1 hxg3+ 52. hxg3 Kg7 53. Kg2 Rc8 54. Ne5 Rc7 55. Qg4 Qe7 56. Bxg6 fxg6 57. Qxg6+ Kf8 58. Rc1 Qg7 59. Qxe6 Qg8 60. Ng6+ Kg7
61. Qe5+ Kxg6 62. f5+ Kg5= 63. Qxc7 Rxa4 64. Qf4+ Kf6 65. Re1 Qd5+ 66. Kg1
1-0

[Event "S01"]
[Site "SchemingMind.com"]
[Date "2011.06.13"]
[Round "-"]
[White "michel"]
[Black "barnat"]
[Result "0-1"]
[WhiteCountry "CAN"]
[BlackCountry "HUN"]
[WhiteElo "1865"]
[WhiteRD "61"]
[BlackElo "2302"]
[BlackRD "72"]
[GameID "286518"]

1. Nf3 c5 2. c4 g6 3. e4 Bg7 4. d4 cxd4 5. Nxd4 Nc6 6. Nc2 d6 7. Be2 f5 8. exf5 Bxf5 9. O-O Nh6 10. Nc3 O-O
11. Bd2 Nf7 12. Rc1 b6 13. Ne3 Bd7 14. f4 e6 15. b3 Nd4 16. Bd3 Rc8 17. Nc2 Bc6 18. Qe1 Nxc2 19. Bxc2 Qd7 20. Be4 d5
21. Bd3 Rce8 22. Rd1 dxc4 23. Bxc4 b5 24. Be2 Bd4+ 25. Kh1 e5 26. Qg3 Nd6 27. Bg4 Nf5 28. Qh3 h5 29. Bxf5 Rxf5 30. Qg3 exf4
31. Qxg6+ Bg7
0-1